[Event "Budapest"]
[Site "Budapest HUN"]
[Date "1980.??.??"]
[Round "?"]
[White "Petran, Pal"]
[Black "Trois, Francisco R T"]
[Result "1/2-1/2"]
[WhiteElo "2445"]
[BlackElo "2395"]
[PlyCount "50"]
[EventDate "1980.??.??"]
[Source "www.chesslib.no"]
[SourceDate "2004.05.04"]

1. d4 Nf6 2. c4 c6 3. Nc3 d5 4. Nf3 g6 5. Qb3 Bg7 6. Bg5 dxc4 7. Qxc4 O-O 8. e4 b5 9. Qd3 Qa5 10. e5 Nd5 11. Qd2 Nxc3 12. bxc3 f6 13. exf6 exf6 14. Be3 Be6 15. Be2 Nd7 16. h4 Nb6 17. h5 Nd5 18. Rc1 Nxe3 19. fxe3 Qxa2 20. Rc2 Qb1+ 21. Rc1 Qa2 22. Rc2 Qa1+ 23. Rc1 Qa2 24. Rc2 Qa1+ 25. Rc1 Qa2 1/2-1/2

[Event "Berliner Sommer"]
[Site "Berlin"]
[Date "1995.??.??"]
[Round "3"]
[White "Dizdar, Goran"]
[Black "Vogel, Robert"]
[Result "1/2-1/2"]
[WhiteElo "2535"]
[BlackElo "2300"]
[PlyCount "64"]
[EventDate "1995.08.??"]
[Source "ChessBase"]

1. d4 Nf6 2. Nf3 g6 3. c4 Bg7 4. Nc3 d5 5. Qb3 c6 6. cxd5 cxd5 7. Bg5 Nc6 8. Bxf6 Bxf6 9. Qxd5 Qb6 10. Qb5 Bxd4 11. Nxd4 Qxd4 12. g3 a6 13. Qb3 O-O 14. Bg2 Na5 15. Qa4 Qxa4 16. Nxa4 Bd7 17. Nb6 Rad8 18. O-O-O Bc6 19. e4 Bb5 20. b3 Nc6 21. Rxd8 Rxd8 22. Rd1 Rxd1+ 23. Kxd1 Ne5 24. f3 Nd7 25. Nd5 Kf8 26. a4 Bc6 27. Nb4 Nb8 28. Kd2 e5 29. a5 Ke7 30. Bh3 Kd6 31. Kc3 Bd7 32. Bg2 Nc6 1/2-1/2

[Event "GER-N chT 7778"]
[Site "GER"]
[Date "1978.??.??"]
[Round "?"]
[White "Pachman, Ludek"]
[Black "Kiffmeyer, Constanz"]
[Result "0-1"]
[WhiteElo "2515"]
[BlackElo "2320"]
[PlyCount "50"]
[EventDate "1977.??.??"]
[Source "www.chesslib.no"]
[SourceDate "2004.05.04"]

1. d4 Nf6 2. c4 g6 3. Nc3 d5 4. Nf3 Bg7 5. Qb3 dxc4 6. Qxc4 O-O 7. g3 Nc6 8. Bg2 Be6 9. Qd3 Nd5 10. O-O Ndb4 11. Qb1 Nxd4 12. Nxd4 Qxd4 13. Bxb7 Rab8 14. Bg2 Qc4 15. Bf4 Bxc3 16. bxc3 Nxa2 17. Qc2 Nxc3 18. Rfe1 Rb3 19. Rxa7 Rb1 20. Kf1 Bf5 21. Rxc7 Rxe1+ 22. Kxe1 Qxc7 23. Qxf5 Rd8 24. Qc2 Qa5 25. Bc1 Qa1 0-1

[Event "Kobanya Open"]
[Site "Kobanya"]
[Date "1992.??.??"]
[Round "4"]
[White "Obukhov, Alexander"]
[Black "Fogarasi, Tibor"]
[Result "0-1"]
[WhiteElo "2375"]
[BlackElo "2455"]
[PlyCount "70"]
[EventDate "1992.??.??"]
[Source "www.chesslib.no"]
[SourceDate "2004.05.04"]

1. d4 Nf6 2. c4 g6 3. Nc3 d5 4. Nf3 Bg7 5. Qb3 dxc4 6. Qxc4 O-O 7. Bf4 Na6 8. Rd1 c5 9. d5 Qb6 10. e4 Qxb2 11. e5 Nd7 12. Qb3 Qxb3 13. axb3 Nb4 14. Nb5 a6 15. Nc7 Ra7 16. Be2 b5 17. e6 fxe6 18. dxe6 Nf6 19. Ng5 h6 20. Nf7 g5 21. Be5 Ne4 22. Bf3 Nc3 23. Bxg7 Kxg7 24. Rd7 Bxd7 25. exd7 Kxf7 26. Bh5+ Kg8 27. Be8 Nc6 28. Ne6 Ne4 29. h4 g4 30. h5 Rf6 31. d8=Q Nxd8 32. Nxd8 Ra8 33. Bc6 Nxf2 34. Bxa8 Nxh1 35. Nc6 Re6+ 0-1

[Event "NED-chT"]
[Site "NED"]
[Date "2000.02.05"]
[Round "1"]
[White "Chuchelov, Vladimir"]
[Black "De Jager, Jaap"]
[Result "1-0"]
[WhiteElo "2518"]
[BlackElo "2307"]
[PlyCount "87"]
[EventDate "2000.02.05"]
[Source "www.chesslib.no"]
[SourceDate "2004.05.04"]

1. Nf3 d5 2. d4 c6 3. c4 Nf6 4. Qc2 g6 5. Bf4 dxc4 6. Qxc4 Bg7 7. Nc3 O-O 8. e3 b5 9. Qb3 Qa5 10. Nd2 Be6 11. Qc2 c5 12. dxc5 b4 13. Nb5 Na6 14. Be2 Rfc8 15. c6 Nd5 16. Nb3 Qb6 17. Bg3 Rxc6 18. Qd2 Nc5 19. Nxc5 Rxc5 20. Nd4 Rd8 21. O-O Bc8 22. Rfd1 Bb7 23. Rac1 Rxc1 24. Qxc1 Rc8 25. Qd2 e6 26. h3 a6 27. Bf1 h5 28. Qd3 Qc5 29. Qb3 Nf6 30. a3 a5 31. axb4 axb4 32. f3 Bd5 33. Qd3 Bc4 34. Qxc4 Qxc4 35. Bxc4 Rxc4 36. Kf2 Nd5 37. Ke2 Bxd4 38. Rxd4 Rc2+ 39. Rd2 b3 40. e4 Nc3+ 41. Kd3 Na2 42. Rxc2 Nb4+ 43. Kc3 bxc2 44. Bf4 1-0

[Event "Bled op"]
[Site "Bled"]
[Date "1998.??.??"]
[Round "4"]
[White "Kozul, Zdenko"]
[Black "Feichter, Clemens"]
[Result "1-0"]
[WhiteElo "2585"]
[BlackElo "2240"]
[PlyCount "73"]
[EventDate "1998.03.21"]
[Source "www.chesslib.no"]
[SourceDate "2004.05.04"]

1. d4 g6 2. c4 Bg7 3. Nf3 Nf6 4. Nc3 d5 5. Qb3 c6 6. Bf4 dxc4 7. Qxc4 Be6 8. Qd3 Nbd7 9. e3 Nb6 10. Qc2 Nh5 11. Be5 f6 12. Bg3 Nd5 13. Be2 Qa5 14. Nd2 Nxg3 15. hxg3 Bf7 16. Bc4 e6 17. Nce4 Rd8 18. a3 Qc7 19. Nf3 h6 20. Nc5 b6 21. Nd3 O-O 22. e4 b5 23. Ba2 Nb6 24. e5 f5 25. Rc1 Rc8 26. O-O Qe7 27. Nb4 Be8 28. Qd2 a5 29. Nd3 a4 30. Nb4 Bd7 31. Rc5 Nd5 32. Nd3 g5 33. Rfc1 Nc7 34. Nb4 Nd5 35. Nxc6 Qf7 36. Nb4 Rxc5 37. Rxc5 1-0

[Event "BKL-Turnier Leipzig"]
[Site "Leipzig GER"]
[Date "1984.??.??"]
[Round "9"]
[White "Karolyi, Tibor jr"]
[Black "Gross, Stefan"]
[Result "1-0"]
[WhiteElo "2410"]
[BlackElo "2410"]
[PlyCount "63"]
[EventDate "1984.04.??"]
[Source "www.chesslib.no"]
[SourceDate "2004.05.04"]

1. d4 Nf6 2. c4 g6 3. Nc3 d5 4. Nf3 Bg7 5. Qb3 dxc4 6. Qxc4 Nfd7 7. Bf4 Nc6 8. Rd1 O-O 9. e3 Nb6 10. Qc5 Bg4 11. Be2 e6 12. h3 Bxf3 13. Bxf3 Qd7 14. O-O Rfd8 15. Bxc6 bxc6 16. Rc1 Bf8 17. Qa5 Bd6 18. Ne4 Nd5 19. Bg5 f5 20. Nxd6 cxd6 21. Bxd8 Rxd8 22. Rxc6 Qxc6 23. Qxd8+ Kf7 24. Qa5 a6 25. Qd2 g5 26. Rc1 Qb7 27. Qc2 Ne7 28. b3 Qb4 29. Qc3 Qa3 30. Rc2 Nd5 31. Qc6 Qb4 32. Qd7+ 1-0

[Event "Corr"]
[Site "?"]
[Date "2002.06.15"]
[Round "?"]
[White "Joppich Ulrich (GER)"]
[Black "Vitkevicius Juozas"]
[Result "1-0"]
[WhiteElo "2452"]
[BlackElo "2346"]
[PlyCount "67"]
[EventDate "2002.??.??"]
[Source "www.chesslib.no"]
[SourceDate "2004.05.04"]

1. d4 Nf6 2. c4 g6 3. Nc3 d5 4. Nf3 Bg7 5. Qb3 c6 6. cxd5 cxd5 7. Bf4 O-O 8. e3 Nc6 9. Bd3 Re8 10. O-O Na5 11. Qd1 a6 12. Rc1 Nc4 13. Qc2 b5 14. a4 b4 15. Nxd5 Nxd5 16. Bxc4 Nxf4 17. Qe4 Nh3+ 18. gxh3 Bf5 19. Qf4 Qd6 20. Qxd6 exd6 21. Bd5 Ra7 22. Rc6 Bf8 23. a5 Bd7 24. Rb6 Rc8 25. Rxb4 Bb5 26. Ra1 Be7 27. Kg2 Rac7 28. Nd2 Rc2 29. Ne4 Rb8 30. Rb3 Bh4 31. Nc3 Rxf2+ 32. Kh1 Rf5 33. e4 Rf3 34. Rxb5 1-0

[Event "Geller mem"]
[Site "Odessa"]
[Date "2001.07.06"]
[Round "4"]
[White "Sumets, Andrey"]
[Black "Petrenko, Svetlana"]
[Result "1-0"]
[WhiteElo "2438"]
[BlackElo "2357"]
[PlyCount "107"]
[EventDate "2001.07.03"]
[Source "ChessBase"]
[SourceDate "2001.09.11"]

1. d4 Nf6 2. c4 g6 3. Nc3 d5 4. Nf3 Bg7 5. Qb3 c6 6. Bf4 dxc4 7. Qxc4 b5 8. Qb3 Be6 9. Qc2 Qa5 10. Bd2 Qb6 11. e4 O-O 12. Be2 a5 13. O-O Na6 14. Rac1 Rfc8 15. h3 Qb7 16. Rfd1 b4 17. Na4 b3 18. Bxa6 bxc2 19. Bxb7 cxd1=Q+ 20. Rxd1 Nxe4 21. b3 Nxd2 22. Rxd2 Rab8 23. Bxc8 Rxc8 24. Rc2 Rd8 25. Ne5 Bxe5 26. dxe5 Rd1+ 27. Kh2 Re1 28. f4 g5 29. fxg5 Rxe5 30. h4 Re4 31. g3 Re1 32. Kg2 Kg7 33. Nc5 Bf5 34. Kf2 Ra1 35. Re2 Bg4 36. Rb2 Rh1 37. Ke3 Re1+ 38. Kf4 Bc8 39. Nd3 Rd1 40. Ne5 Rf1+ 41. Ke3 Rc1 42. Rf2 Be6 43. Kd2 Ra1 44. Kc3 Bd5 45. Re2 Rc1+ 46. Kd4 Be6 47. Nd3 Rd1 48. Kc3 Bf5 49. Ne5 Rc1+ 50. Kb2 Rc5 51. Nc4 Be6 52. Kc3 Kf8 53. Re5 Bd5 54. a4 1-0

[Event "POL Ch 44th"]
[Site "Wroslaw"]
[Date "1987.??.??"]
[Round "?"]
[White "Dejkalo, Stefan"]
[Black "Sygulski, Artur"]
[Result "0-1"]
[WhiteElo "2395"]
[BlackElo "2400"]
[PlyCount "76"]
[EventDate "1987.03.18"]
[Source "www.chesslib.no"]
[SourceDate "2004.05.04"]

1. d4 Nf6 2. c4 g6 3. Nc3 d5 4. Nf3 Bg7 5. Qb3 c6 6. cxd5 Nxd5 7. Bg5 h6 8. Bh4 Qa5 9. e3 Nd7 10. Be2 Nc5 11. Qc2 Bf5 12. Qd2 Nb3 13. axb3 Qxa1+ 14. Bd1 Qa6 15. Be2 Qa1+ 16. Bd1 Qa6 17. Be2 Qb6 18. Bc4 Nxc3 19. bxc3 Be4 20. O-O Bxf3 21. gxf3 Bf6 22. Bg3 h5 23. e4 e6 24. Bd6 Qd8 25. Ba3 Qa5 26. Bc1 b5 27. b4 Qc7 28. Bb3 a5 29. Kh1 axb4 30. cxb4 Rd8 31. Bb2 Qe7 32. f4 O-O 33. Bc3 Bg7 34. Rg1 Qh4 35. Qe3 Kh7 36. Rd1 Bh6 37. Bd2 e5 38. dxe5 Rxd2 0-1

[Event "Seefeld op"]
[Site "Seefeld"]
[Date "1997.??.??"]
[Round "?"]
[White "Timoscenko, Genadij"]
[Black "Pilz, Dieter"]
[Result "1-0"]
[WhiteElo "2540"]
[BlackElo "2250"]
[PlyCount "67"]
[EventDate "1997.??.??"]
[Source "www.chesslib.no"]
[SourceDate "2004.05.04"]

1. d4 Nf6 2. Nf3 g6 3. c4 Bg7 4. Nc3 d5 5. Qb3 c6 6. cxd5 cxd5 7. Bg5 Nc6 8. e3 e6 9. Bd3 h6 10. Bh4 g5 11. Bg3 Nh5 12. Be5 Nxe5 13. dxe5 Bf8 14. h4 gxh4 15. Rxh4 Ng7 16. O-O-O Be7 17. Rh3 Qc7 18. Bb5+ Kf8 19. Rdh1 h5 20. Kb1 a6 21. Bd3 b5 22. Ne2 Bd7 23. Nf4 Rc8 24. Qd1 a5 25. Nxh5 Rxh5 26. Rxh5 Nxh5 27. Rxh5 Ke8 28. Nd4 Qc5 29. Nb3 Qc7 30. Qh1 a4 31. Rh8+ Bf8 32. Qh6 Ke7 33. Qf6+ Ke8 34. Bg6 1-0

[Event "It (open)"]
[Site "Cambados (Spain)"]
[Date "2007.08.04"]
[Round "3"]
[White "Iotov Valentin (BUL)"]
[Black "Rodriguez Lopez Rafael (ESP)"]
[Result "1-0"]
[WhiteElo "2502"]
[BlackElo "2278"]
[PlyCount "53"]
[EventDate "2007.??.??"]
[Source "www.chesslib.no"]
[SourceDate "2004.05.04"]

1. d4 Nf6 2. c4 g6 3. Nc3 d5 4. Nf3 Bg7 5. Qb3 dxc4 6. Qxc4 Nfd7 7. e4 Nb6 8. Qc5 Bg4 9. Be3 Bxf3 10. gxf3 N8d7 11. Qg5 O-O 12. O-O-O Bf6 13. Qb5 c6 14. Qb3 Qc7 15. e5 Bg7 16. f4 Nd5 17. h4 Nxc3 18. Qxc3 e6 19. h5 Nb6 20. Bd2 Rfc8 21. hxg6 hxg6 22. Qh3 c5 23. Kb1 Nd5 24. Bc4 Qc6 25. f5 exf5 26. Bg5 Kf8 27. Bxd5 1-0

[Event "NWAPA Rector Cup"]
[Site "?"]
[Date "2005.03.08"]
[Round "7"]
[White "Gavrilov Oleg"]
[Black "Korniushin Nikolay"]
[Result "1-0"]
[WhiteElo "2326"]
[BlackElo "2454"]
[PlyCount "71"]
[EventDate "2005.??.??"]
[Source "www.chesslib.no"]
[SourceDate "2004.05.04"]

1. c4 Nf6 2. Nc3 d5 3. d4 g6 4. Nf3 Bg7 5. Qb3 dxc4 6. Qxc4 O-O 7. Bf4 c6 8. Qb3 b5 9. e3 a5 10. Bd3 a4 11. Qc2 Na6 12. Qe2 a3 13. O-O Nb4 14. Ne5 Nh5 15. bxa3 Rxa3 16. Qb2 Qa5 17. Be4 Nxf4 18. exf4 Be6 19. Ne2 c5 20. dxc5 f6 21. Nd4 Bxa2 22. Nec6 Nxc6 23. Nxc6 f5 24. Rxa2 Bxb2 25. Bd5+ Kg7 26. Nxa5 Rxa2 27. Bxa2 Ra8 28. c6 Bc3 29. Be6 Bxa5 30. Ra1 Rd8 31. Bd7 Bb6 32. Ra6 Bc5 33. Ra5 Bd6 34. Ra7 Bxf4 35. g3 Bd6 36. Rb7 1-0

[Event "JUG Ch sf"]
[Site "Kladovo"]
[Date "1994.??.??"]
[Round "?"]
[White "Cvetkovic, Srdjan"]
[Black "Stojanovic, Mihajlo"]
[Result "0-1"]
[WhiteElo "2470"]
[BlackElo "2300"]
[PlyCount "77"]
[EventDate "1994.??.??"]
[Source "www.chesslib.no"]
[SourceDate "2004.05.04"]

1. c4 c6 2. Nf3 d5 3. d4 Nf6 4. Qb3 g6 5. Nc3 Bg7 6. Bg5 Ne4 7. cxd5 Nxg5 8. Nxg5 e6 9. dxc6 Nxc6 10. Nf3 Nxd4 11. Nxd4 Qxd4 12. e3 Qc5 13. Bb5+ Kf8 14. Ne4 Qb6 15. O-O a6 16. Qa3+ Kg8 17. Rad1 h6 18. Be8 Qc7 19. Nd6 Kh7 20. Bxf7 Rf8 21. Be8 Be5 22. Ba4 Rd8 23. Ne4 Bxh2+ 24. Kh1 Be5 25. f4 Bg7 26. Rxd8 Qxd8 27. Rd1 Qh4+ 28. Kg1 e5 29. g3 Qg4 30. Qe7 Qe6 31. Qc7 exf4 32. Bc2 fxe3 33. Rd6 e2 34. Kf2 Qf5+ 35. Kxe2 Be6 36. Qe7 Bc4+ 37. Ke3 Kh8 38. Rd7 Rg8 39. Rxb7 0-1

[Event "Balaguer"]
[Site "?"]
[Date "2006.07.16"]
[Round "9"]
[White "Priehoda Vitezslav"]
[Black "Tibensky Robert"]
[Result "1/2-1/2"]
[WhiteElo "2383"]
[BlackElo "2385"]
[PlyCount "39"]
[EventDate "2006.??.??"]
[Source "www.chesslib.no"]
[SourceDate "2004.05.04"]

1. d4 d5 2. c4 c6 3. Nf3 Nf6 4. Nc3 g6 5. cxd5 cxd5 6. Qb3 Bg7 7. Bg5 e6 8. e3 O-O 9. Rc1 h6 10. Bh4 Nc6 11. Bb5 Ne7 12. Bd3 Ne8 13. O-O f6 14. Bg3 Rf7 15. Rc2 Bf8 16. Rfc1 Kg7 17. Bb5 Bd7 18. Ne1 Nf5 19. Be2 h5 20. Nb5 1/2-1/2

[Event "FRA-ch qual"]
[Site "Bescanon"]
[Date "1999.08.25"]
[Round "8"]
[White "Touzane, Olivier"]
[Black "Roos, Daniel"]
[Result "1/2-1/2"]
[WhiteElo "2348"]
[BlackElo "2417"]
[PlyCount "77"]
[EventDate "1999.08.18"]
[Source "www.chesslib.no"]
[SourceDate "2004.05.04"]

1. d4 Nf6 2. c4 g6 3. Nc3 d5 4. Nf3 Bg7 5. Qb3 c6 6. cxd5 Nxd5 7. e4 Nb6 8. Be3 O-O 9. Be2 Be6 10. Qc2 a5 11. Rd1 Na6 12. O-O Nc4 13. Bf4 Nd6 14. Ng5 Nb4 15. Qd2 Bxa2 16. Nxa2 Nxa2 17. e5 Ne8 18. e6 f6 19. Nf7 Qc8 20. Bc4 Nb4 21. Rfe1 b5 22. Bb3 Nc7 23. Bh6 Ncd5 24. Bxg7 Kxg7 25. Qh6+ Kg8 26. Re4 Qe8 27. Rh4 Rxf7 28. exf7+ Qxf7 29. Re4 a4 30. Bxd5 cxd5 31. Re2 Rc8 32. Rc1 Rc4 33. Qd2 Nc6 34. Rxc4 dxc4 35. d5 Ne5 36. f4 Nd3 37. Re6 Nc5 38. Rb6 Ne4 39. Qd4 1/2-1/2

[Event "Moscow ZSKS"]
[Site "Moscow"]
[Date "1992.??.??"]
[Round "?"]
[White "Moskalenko, Viktor"]
[Black "Zhelesny, Stanislav"]
[Result "1-0"]
[WhiteElo "2505"]
[BlackElo "2260"]
[PlyCount "55"]
[EventDate "1992.??.??"]
[Source "ChessBase"]

1. d4 Nf6 2. c4 g6 3. Nc3 d5 4. Nf3 Bg7 5. Qb3 c6 6. cxd5 Nxd5 7. e4 Nb6 8. Be3 O-O 9. Rd1 Bg4 10. h3 Bxf3 11. gxf3 N8d7 12. f4 Nf6 13. a4 e6 14. Be2 Nc8 15. h4 Qa5 16. Kf1 b5 17. axb5 cxb5 18. e5 Nd5 19. Nxd5 exd5 20. f5 gxf5 21. h5 Ne7 22. Rg1 Rfd8 23. h6 Ng6 24. hxg7 f4 25. Bd2 Qb6 26. Qh3 Kxg7 27. Bxf4 h5 28. Bg5 1-0

[Event "URS Army Ch"]
[Site "Odessa UKR"]
[Date "1991.??.??"]
[Round "?"]
[White "Legky, Nikolay A"]
[Black "Karasev, Vladimir I"]
[Result "0-1"]
[WhiteElo "2400"]
[BlackElo "2365"]
[PlyCount "80"]
[EventDate "1991.??.??"]
[Source "www.chesslib.no"]
[SourceDate "2004.05.04"]

1. d4 Nf6 2. c4 g6 3. Nc3 d5 4. Nf3 Bg7 5. Qb3 c6 6. Bf4 dxc4 7. Qxc4 Nd5 8. Nxd5 cxd5 9. Qa4+ Nc6 10. e3 Bd7 11. Qa3 Bf8 12. Qa4 Qb6 13. Qb3 Qa5+ 14. Nd2 f6 15. Qxb7 Rc8 16. Qa6 Qb4 17. Bb5 Qxb2 18. O-O Qxd2 19. Rac1 Kf7 20. Bxc6 Rxc6 21. Rxc6 Bxc6 22. Qxc6 Qxa2 23. Rc1 Bg7 24. h3 a5 25. Rc5 a4 26. Rxd5 Rc8 27. Qxc8 Qxd5 28. Qa6 g5 29. Bc7 Qb3 30. d5 a3 31. Qe6+ Kg6 32. Be5 Qb1+ 33. Kh2 Qf5 34. Qxf5+ Kxf5 35. Bc3 Ke4 36. g4 Kxd5 37. Kg3 e5 38. Kf3 Bf8 39. e4+ Kc4 40. Ba1 Bc5 0-1

[Event "Pinamar tt"]
[Site "Pinamar ARG"]
[Date "1973.03.18"]
[Round "2.1"]
[White "Rubinetti, Jorge A"]
[Black "Schweber, Samuel"]
[Result "1/2-1/2"]
[WhiteElo "2315"]
[BlackElo "2445"]
[PlyCount "53"]
[EventDate "1973.03.??"]
[Source "www.chesslib.no"]
[SourceDate "2004.05.04"]

1. d4 d5 2. c4 c6 3. Nf3 Nf6 4. Nc3 g6 5. Qb3 Bg7 6. cxd5 cxd5 7. Bg5 e6 8. e3 O-O 9. Bd3 Nc6 10. O-O h6 11. Bh4 g5 12. Bg3 Nh5 13. Rac1 Nxg3 14. hxg3 g4 15. Nh2 h5 16. Rfd1 f5 17. Ne2 Rf6 18. Nf4 Rh6 19. Bb5 Bd7 20. Nf1 Bf8 21. f3 Bd6 22. fxg4 hxg4 23. Kf2 Rc8 24. Bxc6 Bxc6 25. Nd2 Qa5 26. Nb1 Kf7 27. Rh1 1/2-1/2

[Event "Copenhagen Open"]
[Site "Copenhagen DEN"]
[Date "1989.??.??"]
[Round "8"]
[White "Adamski, Jan"]
[Black "Bjerke, Richard"]
[Result "1-0"]
[WhiteElo "2435"]
[BlackElo "2325"]
[PlyCount "43"]
[EventDate "1989.06.??"]
[Source "www.chesslib.no"]
[SourceDate "2004.05.04"]

1. Nf3 Nf6 2. c4 c6 3. d4 d5 4. Qb3 g6 5. Nc3 Bg7 6. cxd5 Nxd5 7. e4 Nxc3 8. bxc3 O-O 9. Ba3 b5 10. Be2 a5 11. Rd1 Qc7 12. O-O Ra7 13. Rfe1 Be6 14. c4 h6 15. d5 b4 16. dxe6 bxa3 17. exf7+ Rxf7 18. c5 Kf8 19. e5 Qc8 20. Bc4 Rf4 21. Be6 Qc7 22. Qd3 1-0

[Event "Passau Open"]
[Site "Passau"]
[Date "1995.??.??"]
[Round "?"]
[White "Farago, Ivan"]
[Black "Schneider, Heiko"]
[Result "1-0"]
[WhiteElo "2515"]
[BlackElo "2240"]
[PlyCount "59"]
[EventDate "1995.??.??"]
[Source "www.chesslib.no"]
[SourceDate "2004.05.04"]

1. d4 Nf6 2. c4 g6 3. Nc3 d5 4. Nf3 Bg7 5. Qb3 dxc4 6. Qxc4 a6 7. e4 O-O 8. e5 Nfd7 9. e6 fxe6 10. Qxe6+ Kh8 11. Ng5 Nc6 12. Be3 Qe8 13. Qh3 h5 14. Ne6 Qf7 15. Nxf8 Nxf8 16. Qf3 Qg8 17. Bd3 e5 18. d5 Nd4 19. Qd1 Nf5 20. O-O Nh7 21. Rc1 Bf8 22. Bxf5 Bxf5 23. f4 Bg7 24. fxe5 Bxe5 25. Bd4 Qg7 26. Bxe5 Qxe5 27. Re1 Qf6 28. d6 cxd6 29. Nd5 Qxb2 30. Re2 1-0

[Event "MEX-ch XLVII Nacional Abierto"]
[Site "Irapuato"]
[Date "2001.??.??"]
[Round "6"]
[White "Gonzalez, Jose"]
[Black "Ancheyta, Victor"]
[Result "1/2-1/2"]
[WhiteElo "2429"]
[BlackElo "2325"]
[PlyCount "46"]
[EventDate "2001.04.11"]
[Source "www.chesslib.no"]
[SourceDate "2004.05.04"]

1. d4 Nf6 2. c4 g6 3. Nc3 d5 4. Nf3 Bg7 5. Qb3 c6 6. cxd5 cxd5 7. Bg5 e6 8. e3 O-O 9. Bd3 b6 10. O-O Ba6 11. Bxa6 Nxa6 12. Rac1 Qe7 13. Nb5 Qb4 14. Qxb4 Nxb4 15. a3 Nd3 16. Rc7 a6 17. Nd6 Nxb2 18. Ne5 Ne4 19. Nexf7 Nc4 20. Nxc4 dxc4 21. Nh6+ Kh8 22. h4 Rfc8 23. Rb7 Nxg5 1/2-1/2

[Event "Budapest FS06 IM"]
[Site "Budapest"]
[Date "1998.??.??"]
[Round "3"]
[White "Gonzalez Garcia, Jose"]
[Black "Kahn, Evarth"]
[Result "1/2-1/2"]
[WhiteElo "2420"]
[BlackElo "2330"]
[PlyCount "59"]
[EventDate "1998.06.??"]
[Source "www.chesslib.no"]
[SourceDate "2004.05.04"]

1. d4 Nf6 2. c4 g6 3. Nc3 d5 4. Nf3 Bg7 5. Qb3 c6 6. cxd5 Nxd5 7. e4 Nxc3 8. bxc3 c5 9. d5 O-O 10. Bd2 e6 11. Bc4 exd5 12. Bxd5 Nd7 13. Rd1 Nb6 14. O-O c4 15. Bxc4 Nxc4 16. Qxc4 Be6 17. Qb4 Qc7 18. Rb1 b6 19. a4 Rac8 20. Nd4 Qd7 21. Nxe6 Qxe6 22. f3 Rc4 23. Qb3 Qc6 24. Qb5 Rc8 25. Rb4 Bxc3 26. Rxc4 Qxc4 27. Qxc4 Rxc4 28. Bxc3 Rxc3 29. Rb1 Ra3 30. Rb4 1/2-1/2

[Event "Camaguey (Cuba)"]
[Site "Camaguey CUB"]
[Date "1987.??.??"]
[Round "?"]
[White "Armas, Jorge"]
[Black "Arencibia, Juan Joel"]
[Result "1-0"]
[WhiteElo "2345"]
[BlackElo "2405"]
[PlyCount "83"]
[EventDate "1987.??.??"]
[Source "www.chesslib.no"]
[SourceDate "2004.05.04"]

1. d4 Nf6 2. c4 g6 3. Nc3 d5 4. Nf3 Bg7 5. Qb3 dxc4 6. Qxc4 c6 7. Qb3 O-O 8. e4 b5 9. e5 Ne8 10. Be2 Nc7 11. a4 Be6 12. Qa3 b4 13. Qxb4 a5 14. Qb6 Qd7 15. O-O Nd5 16. Qc5 f6 17. Nxd5 Bxd5 18. Bc4 Bxc4 19. Qxc4+ Qd5 20. Qxd5+ cxd5 21. exf6 Bxf6 22. Ra3 Rc8 23. Be3 Rc2 24. Rb3 Nc6 25. Rb5 Rd8 26. Rd1 e6 27. h3 Rb8 28. Ne1 Rc4 29. Rxb8+ Nxb8 30. b3 Rc3 31. Rb1 Nc6 32. Bd2 Bxd4 33. Bxc3 Bxc3 34. Rc1 Nd4 35. Kf1 Bd2 36. Rc8+ Kg7 37. Rb8 Kf6 38. Nf3 Nxf3 39. Rf8+ Ke5 40. Rxf3 Kd4 41. Ke2 Bb4 42. h4 1-0

[Event "Las Palmas Open"]
[Site "Las Palmas ESP"]
[Date "1995.??.??"]
[Round "5"]
[White "Flear, Glenn C"]
[Black "Rodriguez Gonzalez, Blas"]
[Result "1-0"]
[WhiteElo "2480"]
[BlackElo "2265"]
[PlyCount "59"]
[EventDate "1995.11.??"]
[Source "www.chesslib.no"]
[SourceDate "2004.05.04"]

1. d4 Nf6 2. c4 g6 3. Nf3 d5 4. Nc3 Bg7 5. Qb3 dxc4 6. Qxc4 a6 7. Bf4 c6 8. e4 b5 9. Qb3 O-O 10. Rd1 Qa5 11. Bd3 Bg4 12. O-O Nbd7 13. e5 Be6 14. Qc2 Nd5 15. Ne2 Rfc8 16. Bd2 Qb6 17. b4 Nf8 18. h3 h6 19. Nc1 Nc7 20. Nb3 Bxb3 21. Qxb3 Nd5 22. Be4 Qd8 23. Rc1 Qd7 24. Rxc6 Rxc6 25. Bxd5 e6 26. Bxc6 Qxc6 27. Rc1 Qe8 28. Qc2 Nd7 29. Qc6 Qd8 30. Qb7 1-0

[Event "Budapest HUN"]
[Site "?"]
[Date "2004.07.09"]
[Round "7"]
[White "Lordscheid Gerd"]
[Black "Seres Lajos"]
[Result "1/2-1/2"]
[WhiteElo "2296"]
[BlackElo "2448"]
[PlyCount "81"]
[EventDate "2004.??.??"]
[Source "www.chesslib.no"]
[SourceDate "2004.05.04"]

1. d4 d5 2. c4 c6 3. Nf3 Nf6 4. Qc2 g6 5. Bf4 dxc4 6. Qxc4 Bg7 7. Nc3 O-O 8. e3 Qb6 9. Qb3 Be6 10. Qxb6 axb6 11. Bxb8 Rfxb8 12. a3 Nd5 13. Nxd5 Bxd5 14. Be2 c5 15. O-O Bxf3 16. Bxf3 cxd4 17. exd4 Bxd4 18. Ra2 e5 19. g3 Kf8 20. b4 Ke7 21. Bd5 f5 22. Rc1 Kd6 23. Bb3 Rc8 24. Rxc8 Rxc8 25. Rc2 Ra8 26. a4 g5 27. b5 e4 28. Rc4 Bc5 29. Kf1 Re8 30. Rc1 Ke5 31. Rd1 Bd4 32. f4+ gxf4 33. gxf4+ Kxf4 34. Rxd4 Ke3 35. Rd6 f4 36. Re6 Rc8 37. Bd5 Rc1+ 38. Kg2 f3+ 39. Kh3 Kd4 40. Bxe4 Re1 41. Rd6+ 1/2-1/2

[Event "POL-chT U20"]
[Site "Laczna"]
[Date "2002.07.21"]
[Round "8"]
[White "Wojtaszek, Radoslaw"]
[Black "Owczarzak, Jerzy"]
[Result "1-0"]
[WhiteElo "2449"]
[BlackElo "2294"]
[PlyCount "107"]
[EventDate "2002.07.15"]
[Source "ChessBase"]
[SourceDate "2002.09.11"]

1. d4 Nf6 2. c4 g6 3. Nc3 d5 4. Nf3 Bg7 5. Qb3 dxc4 6. Qxc4 O-O 7. Bf4 Nc6 8. Rd1 Nh5 9. Bg5 h6 10. Bc1 a6 11. h3 Qd6 12. g4 b5 13. Qb3 Ng3 14. fxg3 Qxg3+ 15. Kd2 Bxd4 16. Kc2 Be6 17. Ne4 Bxb3+ 18. axb3 Qxf3 19. exf3 Kg7 20. Bg2 Bb6 21. Kb1 Nd4 22. Rd3 c5 23. f4 Rad8 24. Be3 f5 25. Ng3 e5 26. gxf5 exf4 27. Bxf4 Nxf5 28. Rxd8 Bxd8 29. Nxf5+ Rxf5 30. Rf1 Bg5 31. Bd6 Rxf1+ 32. Bxf1 Be3 33. Bg2 Kf6 34. Bb7 Kg5 35. Bg3 a5 36. Ba6 b4 37. Kc2 Bd4 38. Bc8 h5 39. h4+ Kf6 40. Bf4 Bf2 41. Bg5+ Ke5 42. Kd3 Bd4 43. Kc4 Ke4 44. Bb7+ Kf5 45. Kd5 Kg4 46. Bc8+ Kf3 47. Be6 Bxb2 48. Kxc5 Ke4 49. Kb5 Bc3 50. Kxa5 Be1 51. Kb5 Ke5 52. Bf7 Kf5 53. Kc5 Bf2+ 54. Kxb4 1-0

[Event "Master Open"]
[Site "Singapore"]
[Date "2004.12.18"]
[Round "9"]
[White "Goh Koon Jong, J."]
[Black "Petrenko, Svetlana"]
[Result "1-0"]
[WhiteElo "2419"]
[BlackElo "2323"]
[PlyCount "89"]
[EventDate "2004.12.11"]
[Source "Roberto Alvarez"]
[SourceDate "2004.12.13"]

1. d4 Nf6 2. c4 g6 3. Nc3 d5 4. Nf3 Bg7 5. Qb3 c6 6. Bf4 dxc4 7. Qxc4 Nbd7 8. e4 Nb6 9. Qd3 O-O 10. Be2 Be6 11. O-O Nh5 12. Be3 Bc4 13. Qc2 Bxe2 14. Qxe2 Nf6 15. Rfd1 Qc8 16. a4 Nbd7 17. Rac1 Ng4 18. Bg5 f6 19. Bh4 Qe8 20. h3 Nh6 21. d5 c5 22. Nb5 Rc8 23. Bg3 Kh8 24. b3 a6 25. Nc7 Qf7 26. Ne6 Rfe8 27. Bf4 g5 28. Be3 g4 29. hxg4 Nxg4 30. Nfg5 Qh5 31. Nh3 Qh4 32. Bf4 Bh6 33. Bg3 Qh5 34. Rc4 Rg8 35. d6 exd6 36. Rxd6 Nde5 37. Rxc5 Rxc5 38. Nxc5 Bf8 39. Rd5 Bxc5 40. Rxc5 Nf3+ 41. gxf3 Qxc5 42. fxg4 Qc8 43. Qb2 Qxg4 44. Qxf6+ Rg7 45. Nf4 1-0

[Event "Metz op"]
[Site "Metz"]
[Date "2001.04.08"]
[Round "2"]
[White "Palac, Mladen"]
[Black "Szylar, Eric"]
[Result "1-0"]
[WhiteElo "2605"]
[BlackElo "2136"]
[PlyCount "49"]
[EventDate "2001.04.07"]
[Source "ChessBase"]
[SourceDate "2001.05.06"]

1. d4 Nf6 2. c4 g6 3. Nc3 d5 4. Nf3 Bg7 5. Qb3 dxc4 6. Qxc4 Na6 7. e4 O-O 8. Be2 c5 9. d5 e6 10. O-O exd5 11. exd5 Nd7 12. Bg5 Bf6 13. Qh4 Bxg5 14. Nxg5 Nf6 15. Qh6 Re8 16. Rae1 Qd6 17. Bd3 Qf8 18. Qh4 Nb8 19. d6 h6 20. Nge4 Nxe4 21. Nxe4 Rd8 22. Bc4 Bf5 23. Ng3 g5 24. Qh5 Bg6 25. Qxg6+ 1-0